| 000 | 00668nam a22001937a 4500 | ||
|---|---|---|---|
| 999 |
_c178529 _d178529 |
||
| 005 | 20210405165405.0 | ||
| 010 | _aB-738729 | ||
| 020 | _a9788183440462 | ||
| 035 | _aB-738729 | ||
| 037 | _bGift | ||
| 082 | _a954.51 | ||
| 100 | _aGait, Edward Albert | ||
| 245 |
_aA history of Assam / _cby Edward Albert Gait |
||
| 260 |
_bSpectrum Publications _c2011 _aAssam |
||
| 270 |
_aPanbazar Main Road, Post Box No. 45, Guwahati _bAssam _e781001 |
||
| 300 |
_axiv, 388p. _c22cm(Hb) |
||
| 942 |
_2ddc _cEN _h954.51 _mGAI |
||